| 000 -LEADER |
| fixed length control field |
01288cam a2200193Ii 4500 |
| 020 ## - INTERNATIONAL STANDARD BOOK NUMBER |
| ISBN |
9780891183662 |
| 020 ## - INTERNATIONAL STANDARD BOOK NUMBER |
| ISBN |
0891183663 |
| 040 ## - CATALOGING SOURCE |
| Transcribing agency |
YDX |
| 082 04 - DEWEY DECIMAL CLASSIFICATION NUMBER |
| Classification number |
631 ASA 2018 A042 Or. |
| 245 00 - TITLE STATEMENT |
| Title |
Precision agriculture basics / |
| 300 ## - PHYSICAL DESCRIPTION |
| Number of Pages |
vi, 266 pages : |
| Other physical details |
illustrations (some color), maps ; |
| Dimensions |
28 cm |
| 520 ## - SUMMARY, ETC. |
| Summary, etc |
With the growing popularity and availability of precision equipment, farmers and producers have access to more data than ever before. With proper implementation, precision agriculture management can improve profitability and sustainability of production. Precision Agriculture Basics is geared at students, crop consultants, farmers, extension workers, and practitioners that are interested in practical applications of site-specific agricultural management. Using a multidisciplinary approach, readers are taught to make data-driven on-farm decisions using the most current knowledge and tools in crop science, agricultural engineering, and geostatistics. Precision Agriculture Basics also features a stunning video glossary including interviews with agronomists on the job and in the field |
| 650 #0 - SUBJECT ADDED ENTRY--TOPICAL TERM |
| Topical Term |
Precision farming. |
| 650 #0 - SUBJECT ADDED ENTRY--TOPICAL TERM |
| Topical Term |
Geospatial data. |
| 700 1# - ADDED ENTRY--PERSONAL NAME |
| Personal name |
Shannon, D. Kent, |
| 700 1# - ADDED ENTRY--PERSONAL NAME |
| Personal name |
Clay, David |
| 700 1# - ADDED ENTRY--PERSONAL NAME |
| Personal name |
Kitchen, Newell R., |
| 942 ## - ADDED ENTRY ELEMENTS (KOHA) |
| Koha item type |
ADB |
| 952 ## - LOCATION AND ITEM INFORMATION (KOHA) |
| Withdrawn status [LOCAL, KOHA] |
0 |
| 952 ## - LOCATION AND ITEM INFORMATION (KOHA) |
| Withdrawn status [LOCAL, KOHA] |
0 |
| 952 ## - LOCATION AND ITEM INFORMATION (KOHA) |
| Withdrawn status [LOCAL, KOHA] |
0 |